[Event "ABC 2024 Utrecht, Groep A"]
[Site "Utrecht"]
[Date "2024.03.09"]
[Round "4.5"]
[White "Van Arendonk, Polle"]
[Black "Van de Poel, Jona"]
[Result "0-1"]
[WhiteElo "1930"]
[BlackElo "1862"]

1. e4 {[%clk 00:55:18]} {[%emt 00:00:02]} c5 {[%clk 00:55:13]} {[%emt
00:00:07]} 2. Nf3 {[%clk 00:55:26]} {[%emt 00:00:02]} e6 {[%clk 00:55:18]}
{[%emt 00:00:05]} 3. d4 {[%clk 00:55:34]} {[%emt 00:00:02]} cxd4 {[%clk
00:55:24]} {[%emt 00:00:04]} 4. Nxd4 {[%clk 00:55:41]} {[%emt 00:00:03]} Nf6
{[%clk 00:55:29]} {[%emt 00:00:05]} 5. Nc3 {[%clk 00:55:48]} {[%emt 00:00:03]}
Nc6 {[%clk 00:55:37]} {[%emt 00:00:03]} 6. Ndb5 {[%clk 00:55:53]} {[%emt
00:00:04]} d6 {[%clk 00:55:43]} {[%emt 00:00:04]} 7. Bf4 {[%clk 00:56:00]}
{[%emt 00:00:03]} e5 {[%clk 00:55:49]} {[%emt 00:00:04]} 8. Bg5 {[%clk
00:56:08]} {[%emt 00:00:03]} a6 {[%clk 00:55:56]} {[%emt 00:00:03]} 9. Na3
{[%clk 00:56:15]} {[%emt 00:00:03]} b5 {[%clk 00:56:02]} {[%emt 00:00:04]} 10.
Nd5 {[%clk 00:56:19]} {[%emt 00:00:05]} Be7 {[%clk 00:56:08]} {[%emt 00:00:04]}
11. Bxf6 {[%clk 00:56:25]} {[%emt 00:00:04]} Bxf6 {[%clk 00:56:14]} {[%emt
00:00:04]} 12. c3 {[%clk 00:56:32]} {[%emt 00:00:04]} O-O {[%clk 00:55:58]}
{[%emt 00:00:25]} 13. Nc2 {[%clk 00:56:26]} {[%emt 00:00:16]} Rb8 {[%clk
00:54:01]} {[%emt 00:02:07]} 14. Be2 {[%clk 00:55:57]} {[%emt 00:00:39]} Bg5
{[%clk 00:52:33]} {[%emt 00:01:38]} 15. Bg4 {[%clk 00:53:09]} {[%emt 00:02:57]}
f5 {[%clk 00:47:36]} {[%emt 00:05:08]} 16. Bxf5 {[%clk 00:52:20]} {[%emt
00:00:59]} Bxf5 {[%clk 00:47:23]} {[%emt 00:00:22]} 17. exf5 {[%clk 00:52:26]}
{[%emt 00:00:04]} Rxf5 {[%clk 00:47:09]} {[%emt 00:00:24]} 18. O-O {[%clk
00:50:49]} {[%emt 00:01:47]} Rf7 {[%clk 00:41:50]} {[%emt 00:05:30]} 19. Qd3
{[%clk 00:46:54]} {[%emt 00:04:05]} Ne7 {[%clk 00:36:18]} {[%emt 00:05:42]} 20.
Ncb4 {[%clk 00:46:10]} {[%emt 00:00:54]} Nxd5 {[%clk 00:35:26]} {[%emt
00:01:02]} 21. Nxd5 {[%clk 00:44:07]} {[%emt 00:02:12]} Qe8 {[%clk 00:33:20]}
{[%emt 00:02:16]} 22. f3 {[%clk 00:38:52]} {[%emt 00:05:25]} Qc6 {[%clk
00:30:10]} {[%emt 00:03:20]} 23. Rad1 {[%clk 00:36:58]} {[%emt 00:02:03]} Qc4
{[%clk 00:27:39]} {[%emt 00:02:43]} 24. b3 {[%clk 00:35:36]} {[%emt 00:01:32]}
Qc5+ {[%clk 00:25:42]} {[%emt 00:02:06]} 25. Kh1 {[%clk 00:35:38]} {[%emt
00:00:08]} a5 {[%clk 00:25:03]} {[%emt 00:00:48]} 26. Rfe1 {[%clk 00:32:09]}
{[%emt 00:03:40]} Re8 {[%clk 00:23:19]} {[%emt 00:01:54]} 27. Re4 {[%clk
00:28:37]} {[%emt 00:03:42]} Ref8 {[%clk 00:20:45]} {[%emt 00:02:44]} 28. Qe2
{[%clk 00:23:38]} {[%emt 00:05:10]} g6 {[%clk 00:19:47]} {[%emt 00:01:07]} 29.
c4 {[%clk 00:23:12]} {[%emt 00:00:37]} bxc4 {[%clk 00:18:26]} {[%emt 00:01:31]}
30. Rxc4 {[%clk 00:23:16]} {[%emt 00:00:06]} Qa7 {[%clk 00:17:50]} {[%emt
00:00:45]} 31. Rc6 {[%clk 00:18:30]} {[%emt 00:04:56]} Rd8 {[%clk 00:16:04]}
{[%emt 00:01:57]} 32. Nc3 {[%clk 00:14:59]} {[%emt 00:03:40]} Qe3 {[%clk
00:10:22]} {[%emt 00:05:52]} 33. Qxe3 {[%clk 00:08:25]} {[%emt 00:06:44]} Bxe3
{[%clk 00:10:25]} {[%emt 00:00:07]} 34. Ne4 {[%clk 00:06:02]} {[%emt 00:02:33]}
d5 {[%clk 00:09:22]} {[%emt 00:01:13]} 35. Nf6+ {[%clk 00:06:08]} {[%emt
00:00:04]} Kg7 {[%clk 00:08:59]} {[%emt 00:00:33]} 36. Rxd5 {[%clk 00:06:07]}
{[%emt 00:00:11]} Rxd5 {[%clk 00:07:07]} {[%emt 00:02:01]} 37. Nxd5 {[%clk
00:06:15]} {[%emt 00:00:02]} Bd4 {[%clk 00:06:23]} {[%emt 00:00:53]} 38. Ra6
{[%clk 00:04:21]} {[%emt 00:02:06]} e4 {[%clk 00:05:13]} {[%emt 00:01:20]} 39.
a4 {[%clk 00:00:51]} {[%emt 00:03:40]} e3 {[%clk 00:02:45]} {[%emt 00:02:37]}
40. h4 {[%clk 00:00:15]} {[%emt 00:00:47]} Rd7 {[%clk 00:01:53]} {[%emt
00:01:01]} 41. Nf4 {[%clk 00:00:13]} {[%emt 00:00:13]} Be5 {[%clk 00:01:52]}
{[%emt 00:00:10]} 42. g3 {[%clk 00:00:13]} {[%emt 00:00:11]} Bxf4 {[%clk
00:02:00]} {[%emt 00:00:02]} 43. gxf4 {[%clk 00:00:22]} Re7 {[%clk 00:02:09]}
{[%emt 00:00:01]} 0-1

[Event "ABC 2024 Utrecht, Groep A"]
[Site "Utrecht"]
[Date "2024.03.09"]
[Round "4.6"]
[White "Madularea, David"]
[Black "Mulder, Lars"]
[Result "1-0"]
[WhiteElo "2035"]
[BlackElo "1538"]

1. d4 {[%clk 00:55:13]} {[%emt 00:00:06]} d5 {[%clk 00:55:16]} {[%emt
00:00:04]} 2. c4 {[%clk 00:55:19]} {[%emt 00:00:05]} e6 {[%clk 00:55:20]}
{[%emt 00:00:06]} 3. Nc3 {[%clk 00:55:23]} {[%emt 00:00:05]} Nf6 {[%clk
00:55:25]} {[%emt 00:00:05]} 4. Bg5 {[%clk 00:55:26]} {[%emt 00:00:07]} Bb4
{[%clk 00:54:10]} {[%emt 00:01:25]} 5. cxd5 {[%clk 00:44:27]} {[%emt 00:11:10]}
exd5 {[%clk 00:53:03]} {[%emt 00:01:17]} 6. e3 {[%clk 00:43:04]} {[%emt
00:01:33]} O-O {[%clk 00:49:48]} {[%emt 00:03:25]} 7. Bd3 {[%clk 00:42:10]}
{[%emt 00:01:04]} Re8 {[%clk 00:47:15]} {[%emt 00:02:42]} 8. Nge2 {[%clk
00:41:34]} {[%emt 00:00:46]} Nbd7 {[%clk 00:39:46]} {[%emt 00:07:39]} 9. O-O
{[%clk 00:41:29]} {[%emt 00:00:15]} Bxc3 {[%clk 00:39:14]} {[%emt 00:00:43]} 10.
Nxc3 {[%clk 00:41:27]} {[%emt 00:00:11]} c6 {[%clk 00:38:18]} {[%emt 00:01:07]}
11. Qc2 {[%clk 00:40:49]} {[%emt 00:00:48]} h6 {[%clk 00:36:50]} {[%emt
00:01:38]} 12. Bh4 {[%clk 00:40:44]} {[%emt 00:00:14]} Qc7 {[%clk 00:35:28]}
{[%emt 00:01:33]} 13. Rfe1 {[%clk 00:39:38]} {[%emt 00:01:15]} Nh5 {[%clk
00:26:09]} {[%emt 00:09:29]} 14. Nxd5 {[%clk 00:39:20]} {[%emt 00:00:28]} Qd6
{[%clk 00:23:22]} {[%emt 00:02:58]} 15. Nc3 {[%clk 00:39:12]} {[%emt 00:00:16]}
g5 {[%clk 00:18:32]} {[%emt 00:05:02]} 16. Bg3 {[%clk 00:38:37]} {[%emt
00:00:45]} Nxg3 {[%clk 00:18:31]} {[%emt 00:00:11]} 17. hxg3 {[%clk 00:38:44]}
{[%emt 00:00:02]} Nf6 {[%clk 00:16:56]} {[%emt 00:01:45]} 18. Rad1 {[%clk
00:38:35]} {[%emt 00:00:19]} Be6 {[%clk 00:13:14]} {[%emt 00:03:53]} 19. e4
{[%clk 00:38:11]} {[%emt 00:00:34]} Qxd4 {[%clk 00:11:09]} {[%emt 00:02:15]} 20.
e5 {[%clk 00:38:15]} {[%emt 00:00:06]} Nd7 {[%clk 00:10:06]} {[%emt 00:01:13]}
21. Bh7+ {[%clk 00:38:19]} {[%emt 00:00:05]} 1-0

[Event "ABC 2024 Utrecht, Groep A"]
[Site "Utrecht"]
[Date "2024.03.09"]
[Round "4.7"]
[White "Veerman, Rien"]
[Black "Elferink, Leon"]
[Result "0-1"]
[WhiteElo "1870"]
[BlackElo "1804"]

1. e4 {[%clk 00:55:14]} {[%emt 00:00:06]} g6 {[%clk 00:55:12]} {[%emt
00:00:09]} 2. d4 {[%clk 00:55:15]} {[%emt 00:00:09]} d6 {[%clk 00:55:17]}
{[%emt 00:00:05]} 3. f4 {[%clk 00:54:53]} {[%emt 00:00:31]} Bg7 {[%clk
00:55:05]} {[%emt 00:00:23]} 4. Nf3 {[%clk 00:54:45]} {[%emt 00:00:17]} c6
{[%clk 00:54:34]} {[%emt 00:00:42]} 5. Be3 {[%clk 00:53:29]} {[%emt 00:01:25]}
Qc7 {[%clk 00:54:12]} {[%emt 00:00:33]} 6. e5 {[%clk 00:52:49]} {[%emt
00:00:49]} Bg4 {[%clk 00:53:23]} {[%emt 00:00:59]} 7. Nbd2 {[%clk 00:51:15]}
{[%emt 00:01:44]} Nd7 {[%clk 00:50:36]} {[%emt 00:02:58]} 8. h3 {[%clk
00:50:47]} {[%emt 00:00:37]} Bxf3 {[%clk 00:50:33]} {[%emt 00:00:14]} 9. Nxf3
{[%clk 00:50:47]} {[%emt 00:00:09]} h5 {[%clk 00:45:03]} {[%emt 00:05:40]} 10.
e6 {[%clk 00:48:48]} {[%emt 00:02:09]} fxe6 {[%clk 00:40:41]} {[%emt 00:04:33]}
11. Ng5 {[%clk 00:47:51]} {[%emt 00:01:06]} Qa5+ {[%clk 00:40:41]} {[%emt
00:00:11]} 12. c3 {[%clk 00:47:07]} {[%emt 00:00:54]} Qd5 {[%clk 00:39:58]}
{[%emt 00:00:53]} 13. Qc2 {[%clk 00:46:24]} {[%emt 00:00:52]} Nf8 {[%clk
00:39:17]} {[%emt 00:00:52]} 14. Bd3 {[%clk 00:44:51]} {[%emt 00:01:42]} Rh6
{[%clk 00:38:24]} {[%emt 00:01:04]} 15. O-O-O {[%clk 00:43:16]} {[%emt
00:01:44]} Qxa2 {[%clk 00:36:29]} {[%emt 00:02:06]} 16. g4 {[%clk 00:41:25]}
{[%emt 00:02:00]} Bf6 {[%clk 00:36:10]} {[%emt 00:00:30]} 17. Nxe6 {[%clk
00:39:26]} {[%emt 00:02:08]} Qxe6 {[%clk 00:34:05]} {[%emt 00:02:16]} 18. Rhe1
{[%clk 00:39:28]} {[%emt 00:00:08]} Rh8 {[%clk 00:26:42]} {[%emt 00:07:33]} 19.
f5 {[%clk 00:39:01]} {[%emt 00:00:37]} gxf5 {[%clk 00:24:52]} {[%emt 00:02:00]}
20. g5 {[%clk 00:37:12]} {[%emt 00:01:58]} Kd8 {[%clk 00:22:23]} {[%emt
00:02:40]} 21. gxf6 {[%clk 00:31:26]} {[%emt 00:05:55]} Nxf6 {[%clk 00:21:33]}
{[%emt 00:01:01]} 22. Bg5 {[%clk 00:27:15]} {[%emt 00:04:21]} Qf7 {[%clk
00:21:11]} {[%emt 00:00:32]} 23. Bxf5 {[%clk 00:26:29]} {[%emt 00:00:55]} Kc7
{[%clk 00:18:41]} {[%emt 00:02:41]} 24. Re2 {[%clk 00:24:01]} {[%emt 00:02:37]}
Qg7 {[%clk 00:17:05]} {[%emt 00:01:46]} 25. h4 {[%clk 00:23:54]} {[%emt
00:00:17]} Rg8 {[%clk 00:14:50]} {[%emt 00:02:26]} 26. Rde1 {[%clk 00:23:22]}
{[%emt 00:00:42]} Re8 {[%clk 00:14:53]} {[%emt 00:00:07]} 27. Be6 {[%clk
00:18:53]} {[%emt 00:04:39]} Nxe6 {[%clk 00:14:35]} {[%emt 00:00:27]} 28. Rxe6
{[%clk 00:18:53]} {[%emt 00:00:10]} Qf7 {[%clk 00:13:43]} {[%emt 00:01:02]} 29.
Qe2 {[%clk 00:16:12]} {[%emt 00:02:51]} Kd7 {[%clk 00:12:54]} {[%emt 00:00:59]}
30. Qc4 {[%clk 00:15:34]} {[%emt 00:00:48]} Ne4 {[%clk 00:07:46]} {[%emt
00:05:18]} 31. d5 {[%clk 00:10:24]} {[%emt 00:05:21]} Nxg5 {[%clk 00:06:14]}
{[%emt 00:01:41]} 32. dxc6+ {[%clk 00:07:55]} {[%emt 00:02:39]} bxc6 {[%clk
00:06:20]} {[%emt 00:00:05]} 33. hxg5 {[%clk 00:07:54]} {[%emt 00:00:10]} Rgf8
{[%clk 00:06:08]} {[%emt 00:00:22]} 34. Qa6 {[%clk 00:07:01]} {[%emt 00:01:03]}
Qf4+ {[%clk 00:02:45]} {[%emt 00:03:33]} 35. Kb1 {[%clk 00:06:57]} {[%emt
00:00:13]} Qf5+ {[%clk 00:02:39]} {[%emt 00:00:17]} 36. Ka1 {[%clk 00:06:57]}
{[%emt 00:00:10]} Qb5 {[%clk 00:01:53]} {[%emt 00:00:56]} 37. Qxa7+ {[%clk
00:06:46]} {[%emt 00:00:21]} Kc8 {[%clk 00:01:31]} {[%emt 00:00:32]} 38. Qa8+
{[%clk 00:03:05]} {[%emt 00:03:51]} Kd7 {[%clk 00:01:23]} {[%emt 00:00:18]} 39.
Rxe7+ {[%clk 00:00:55]} {[%emt 00:02:20]} Rxe7 {[%clk 00:01:31]} {[%emt
00:00:02]} 40. Qa7+ {[%clk 00:01:01]} {[%emt 00:00:04]} Kc8 {[%clk 00:01:38]}
{[%emt 00:00:03]} 41. Qxe7 {[%clk 00:01:04]} {[%emt 00:00:07]} Rf1 {[%clk
00:00:51]} {[%emt 00:00:57]} 42. Qe8+ {[%clk 00:00:37]} {[%emt 00:00:37]} Kc7
{[%clk 00:00:44]} {[%emt 00:00:16]} 43. Qe7+ {[%clk 00:00:34]} {[%emt
00:00:14]} Kb6 {[%clk 00:00:40]} {[%emt 00:00:14]} 44. Rxf1 {[%clk 00:00:26]}
{[%emt 00:00:18]} Qxf1+ {[%clk 00:00:47]} {[%emt 00:00:02]} 45. Ka2 {[%clk
00:00:35]} {[%emt 00:00:02]} Qc4+ {[%clk 00:00:45]} {[%emt 00:00:12]} 46. Kb1
{[%clk 00:00:43]} {[%emt 00:00:02]} Qd3+ {[%clk 00:00:47]} {[%emt 00:00:08]} 47.
Kc1 {[%clk 00:00:50]} {[%emt 00:00:03]} Qg6 {[%clk 00:00:53]} {[%emt 00:00:03]}
48. Qd8+ {[%clk 00:00:47]} {[%emt 00:00:15]} Kb5 {[%clk 00:00:53]} {[%emt
00:00:08]} 49. Qb8+ {[%clk 00:00:50]} {[%emt 00:00:08]} Kc5 {[%clk 00:01:01]}
{[%emt 00:00:02]} 50. Qb4+ {[%clk 00:00:38]} {[%emt 00:00:22]} Kd5 {[%clk
00:01:09]} {[%emt 00:00:02]} 51. Qf4 {[%clk 00:00:18]} {[%emt 00:00:29]} Ke6
{[%clk 00:01:09]} {[%emt 00:00:10]} 52. b4 {[%clk 00:00:20]} {[%emt 00:00:09]}
Qf5 {[%clk 00:00:41]} {[%emt 00:00:38]} 53. Qe3+ {[%clk 00:00:22]} {[%emt
00:00:09]} Qe5 {[%clk 00:00:47]} {[%emt 00:00:03]} 54. Qh3+ {[%clk 00:00:31]}
{[%emt 00:00:01]} Kd5 {[%clk 00:00:54]} {[%emt 00:00:03]} 55. Qf3+ {[%clk
00:00:25]} {[%emt 00:00:13]} Kc4 {[%clk 00:00:40]} {[%emt 00:00:27]} 56. Qxh5
{[%clk 00:00:15]} {[%emt 00:00:21]} Kxc3 {[%clk 00:00:27]} {[%emt 00:00:23]} 57.
Qh3+ {[%clk 00:00:14]} {[%emt 00:00:11]} Kxb4 {[%clk 00:00:31]} {[%emt
00:00:05]} 58. Qg4+ {[%clk 00:00:18]} {[%emt 00:00:06]} Kc5 {[%clk 00:00:35]}
{[%emt 00:00:03]} 59. g6 {[%clk 00:00:27]} {[%emt 00:00:05]} Qg7 {[%clk
00:00:33]} {[%emt 00:00:08]} 60. Qf5+ {[%clk 00:00:34]} {[%emt 00:00:06]} Kb4
{[%clk 00:00:25]} {[%emt 00:00:17]} 61. Qf7 {[%clk 00:00:33]} {[%emt 00:00:13]}
Qh6+ {[%clk 00:00:27]} {[%emt 00:00:07]} 62. Kd1 {[%clk 00:00:40]} {[%emt
00:00:04]} Kc3 {[%clk 00:00:31]} {[%emt 00:00:04]} 63. g7 {[%clk 00:00:41]}
{[%emt 00:00:11]} Qd2# {[%clk 00:00:38]} {[%emt 00:00:02]} 0-1

[Event "ABC 2024 Utrecht, Groep A"]
[Site "Utrecht"]
[Date "2024.03.10"]
[Round "5.1"]
[White "Blom, Rens"]
[Black "Smeets, Kobe"]
[Result "1/2-1/2"]
[WhiteElo "1921"]
[BlackElo "2244"]

1. c4 {[%clk 00:55:18]} {[%emt 00:00:03]} e6 {[%clk 00:54:08]} {[%emt
00:01:12]} 2. e4 {[%clk 00:55:23]} {[%emt 00:00:05]} d5 {[%clk 00:54:15]}
{[%emt 00:00:04]} 3. cxd5 {[%clk 00:55:29]} {[%emt 00:00:03]} exd5 {[%clk
00:54:20]} {[%emt 00:00:05]} 4. exd5 {[%clk 00:55:36]} {[%emt 00:00:03]} Qxd5
{[%clk 00:54:22]} {[%emt 00:00:08]} 5. Nc3 {[%clk 00:55:40]} {[%emt 00:00:06]}
Qa5 {[%clk 00:54:26]} {[%emt 00:00:06]} 6. d4 {[%clk 00:55:23]} {[%emt
00:00:27]} Nf6 {[%clk 00:53:17]} {[%emt 00:01:19]} 7. Nf3 {[%clk 00:54:04]}
{[%emt 00:01:28]} Nc6 {[%clk 00:52:28]} {[%emt 00:00:59]} 8. d5 {[%clk
00:50:29]} {[%emt 00:03:46]} Ne7 {[%clk 00:48:51]} {[%emt 00:03:46]} 9. Bb5+
{[%clk 00:37:06]} {[%emt 00:13:34]} Bd7 {[%clk 00:47:46]} {[%emt 00:01:14]} 10.
Bxd7+ {[%clk 00:37:09]} {[%emt 00:00:07]} Nxd7 {[%clk 00:47:48]} {[%emt
00:00:07]} 11. O-O {[%clk 00:34:38]} {[%emt 00:02:42]} Nf6 {[%clk 00:41:04]}
{[%emt 00:06:54]} 12. d6 {[%clk 00:32:31]} {[%emt 00:02:18]} cxd6 {[%clk
00:40:23]} {[%emt 00:00:51]} 13. Qxd6 {[%clk 00:32:25]} {[%emt 00:00:16]} Rd8
{[%clk 00:39:10]} {[%emt 00:01:22]} 14. Qe5 {[%clk 00:25:40]} {[%emt 00:06:55]}
Qxe5 {[%clk 00:37:22]} {[%emt 00:01:58]} 15. Nxe5 {[%clk 00:25:49]} {[%emt
00:00:02]} Ned5 {[%clk 00:37:14]} {[%emt 00:00:18]} 16. Nxd5 {[%clk 00:21:07]}
{[%emt 00:04:53]} Rxd5 {[%clk 00:37:01]} {[%emt 00:00:21]} 17. Nf3 {[%clk
00:19:54]} {[%emt 00:01:24]} Bd6 {[%clk 00:34:10]} {[%emt 00:03:00]} 18. Be3
{[%clk 00:18:25]} {[%emt 00:01:40]} b6 {[%clk 00:33:15]} {[%emt 00:01:04]} 19.
Rfd1 {[%clk 00:18:10]} {[%emt 00:00:26]} Kd7 {[%clk 00:30:11]} {[%emt
00:03:13]} 20. Rxd5 {[%clk 00:16:51]} {[%emt 00:01:30]} Nxd5 {[%clk 00:30:19]}
{[%emt 00:00:01]} 21. Bd4 {[%clk 00:16:42]} {[%emt 00:00:19]} f6 {[%clk
00:30:18]} {[%emt 00:00:11]} 22. g3 {[%clk 00:12:48]} {[%emt 00:04:05]} Rc8
{[%clk 00:28:11]} {[%emt 00:02:16]} 23. a4 {[%clk 00:08:44]} {[%emt 00:04:14]}
Bb4 {[%clk 00:27:43]} {[%emt 00:00:39]} 24. Rd1 {[%clk 00:08:01]} {[%emt
00:00:52]} Ke6 {[%clk 00:27:39]} {[%emt 00:00:13]} 25. Ne1 {[%clk 00:06:53]}
{[%emt 00:01:20]} Ba5 {[%clk 00:26:42]} {[%emt 00:01:06]} 26. b3 {[%clk
00:05:47]} {[%emt 00:01:16]} Kd6 {[%clk 00:25:28]} {[%emt 00:01:24]} 27. Kg2
{[%clk 00:05:33]} {[%emt 00:00:25]} Bc3 {[%clk 00:23:57]} {[%emt 00:01:40]} 28.
Nc2 {[%emt 00:05:19]} Bb2 {[%clk 00:20:08]} 29. Ne3 {[%clk 00:03:39]} {[%emt
00:00:54]} Nxe3+ {[%clk 00:19:35]} {[%emt 00:00:43]} 30. Bxe3+ {[%clk
00:03:48]} Ke6 {[%clk 00:18:56]} {[%emt 00:00:49]} 31. Rd3 {[%clk 00:03:50]}
{[%emt 00:00:08]} h5 {[%clk 00:13:05]} {[%emt 00:06:00]} 32. h3 {[%clk
00:03:34]} {[%emt 00:00:27]} f5 {[%clk 00:10:38]} {[%emt 00:02:37]} 33. Kf3
{[%clk 00:03:31]} {[%emt 00:00:13]} Bf6 {[%clk 00:10:26]} {[%emt 00:00:22]} 34.
a5 {[%clk 00:02:30]} {[%emt 00:01:11]} bxa5 {[%clk 00:09:51]} {[%emt 00:00:45]}
35. Bxa7 {[%clk 00:02:36]} {[%emt 00:00:03]} g5 {[%clk 00:08:53]} {[%emt
00:01:08]} 36. Bb6 {[%clk 00:01:56]} {[%emt 00:00:51]} Bc3 {[%clk 00:07:54]}
{[%emt 00:01:09]} 37. g4 {[%clk 00:01:36]} {[%emt 00:00:30]} hxg4+ {[%clk
00:04:36]} {[%emt 00:03:28]} 38. hxg4 {[%clk 00:01:42]} {[%emt 00:00:03]} Rc6
{[%clk 00:03:46]} {[%emt 00:01:00]} 39. gxf5+ {[%clk 00:01:43]} {[%emt
00:00:10]} Kxf5 {[%clk 00:03:54]} {[%emt 00:00:02]} 40. Bxa5 {[%clk 00:01:27]}
{[%emt 00:00:25]} Bxa5 {[%clk 00:04:02]} {[%emt 00:00:02]} 41. Rd5+ {[%clk
00:01:36]} Kf6 {[%clk 00:04:09]} {[%emt 00:00:03]} 42. Rxa5 {[%clk 00:01:39]}
{[%emt 00:00:08]} Rc3+ {[%clk 00:04:18]} {[%emt 00:00:01]} 1/2-1/2

[Event "ABC 2024 Utrecht, Groep A"]
[Site "Utrecht"]
[Date "2024.03.10"]
[Round "5.2"]
[White "Van Hesselingen, Guido"]
[Black "Aarts, Joaquin"]
[Result "1-0"]
[WhiteElo "2023"]
[BlackElo "1892"]

1. e4 {[%clk 00:54:40]} {[%emt 00:00:40]} c5 {[%clk 00:55:17]} {[%emt
00:00:03]} 2. Nf3 {[%clk 00:54:46]} {[%emt 00:00:04]} d6 {[%clk 00:55:25]}
{[%emt 00:00:02]} 3. d4 {[%clk 00:54:51]} {[%emt 00:00:04]} cxd4 {[%clk
00:55:33]} {[%emt 00:00:03]} 4. Nxd4 {[%clk 00:54:57]} {[%emt 00:00:04]} Nf6
{[%clk 00:55:38]} {[%emt 00:00:04]} 5. Nc3 {[%clk 00:55:03]} {[%emt 00:00:04]}
a6 {[%clk 00:55:44]} {[%emt 00:00:05]} 6. Be3 {[%clk 00:55:02]} {[%emt
00:00:11]} e5 {[%clk 00:55:43]} {[%emt 00:00:11]} 7. Nb3 {[%clk 00:55:01]}
{[%emt 00:00:11]} Be6 {[%clk 00:55:49]} {[%emt 00:00:04]} 8. f3 {[%clk
00:54:43]} {[%emt 00:00:27]} h5 {[%clk 00:55:54]} {[%emt 00:00:05]} 9. Qd2
{[%clk 00:54:07]} {[%emt 00:00:46]} Nbd7 {[%clk 00:56:00]} {[%emt 00:00:05]} 10.
O-O-O {[%clk 00:52:02]} {[%emt 00:02:14]} Be7 {[%clk 00:56:04]} {[%emt
00:00:06]} 11. Be2 {[%clk 00:51:20]} {[%emt 00:00:53]} Rc8 {[%clk 00:46:21]}
{[%emt 00:09:53]} 12. Kb1 {[%clk 00:49:22]} {[%emt 00:02:08]} b5 {[%clk
00:45:40]} {[%emt 00:00:51]} 13. Nd5 {[%clk 00:39:08]} {[%emt 00:10:24]} Bxd5
{[%clk 00:41:35]} {[%emt 00:04:14]} 14. exd5 {[%clk 00:39:11]} {[%emt
00:00:07]} Nb6 {[%clk 00:40:29]} {[%emt 00:01:17]} 15. Bxb6 {[%clk 00:35:37]}
{[%emt 00:03:43]} Qxb6 {[%clk 00:37:45]} {[%emt 00:02:56]} 16. Qd3 {[%clk
00:30:31]} {[%emt 00:05:15]} Rb8 {[%clk 00:24:47]} {[%emt 00:13:08]} 17. g4
{[%clk 00:28:04]} {[%emt 00:02:36]} g6 {[%clk 00:23:48]} {[%emt 00:01:10]} 18.
Nd2 {[%clk 00:22:53]} {[%emt 00:05:21]} a5 {[%clk 00:21:27]} {[%emt 00:02:31]}
19. Ne4 {[%clk 00:22:01]} {[%emt 00:01:02]} b4 {[%clk 00:16:26]} {[%emt
00:05:11]} 20. f4 {[%clk 00:19:04]} {[%emt 00:03:06]} hxg4 {[%clk 00:06:54]}
{[%emt 00:09:42]} 21. fxe5 {[%clk 00:16:08]} {[%emt 00:03:08]} Rh3 {[%clk
00:06:37]} {[%emt 00:00:26]} 22. Ng3 {[%clk 00:11:19]} {[%emt 00:04:59]} dxe5
{[%clk 00:05:56]} {[%emt 00:00:52]} 23. d6 {[%clk 00:11:01]} {[%emt 00:00:28]}
e4 {[%clk 00:03:43]} {[%emt 00:02:23]} 24. Qd2 {[%clk 00:06:38]} {[%emt
00:04:32]} Rd8 {[%clk 00:03:07]} {[%emt 00:00:46]} 25. Qf4 {[%clk 00:05:28]}
{[%emt 00:01:20]} Rxd6 {[%clk 00:01:36]} {[%emt 00:01:41]} 26. Nxe4 {[%clk
00:04:51]} {[%emt 00:00:48]} Nxe4 {[%clk 00:01:28]} {[%emt 00:00:18]} 27. Qxe4
{[%clk 00:04:56]} {[%emt 00:00:04]} f5 {[%clk 00:00:37]} {[%emt 00:01:01]} 28.
Qc4 {[%clk 00:04:38]} {[%emt 00:00:28]} Rh8 {[%clk 00:00:20]} {[%emt 00:00:26]}
29. Rxd6 {[%clk 00:04:18]} {[%emt 00:00:31]} Qxd6 {[%clk 00:00:29]} {[%emt
00:00:01]} 30. Rd1 {[%clk 00:03:30]} {[%emt 00:00:58]} Qb8 {[%clk 00:00:15]}
{[%emt 00:00:25]} 31. Qe6 {[%clk 00:03:32]} {[%emt 00:00:07]} Kf8 {[%clk
00:00:13]} {[%emt 00:00:11]} 32. Bc4 {[%clk 00:03:38]} {[%emt 00:00:05]} Kg7
{[%clk 00:00:12]} {[%emt 00:00:12]} 33. Qxe7+ {[%clk 00:03:44]} {[%emt
00:00:04]} Kh6 {[%clk 00:00:21]} {[%emt 00:00:01]} 34. Qh4+ {[%clk 00:03:48]}
{[%emt 00:00:05]} 1-0